000 01448nam a2200277Ia 4500
003 PE SENCICO BE
005 20251020182440.0
008 200515s9999 xx 000 0 und d
020 _a978-958-774-314-2
040 _aPE SENCICO BE
_cPE SENCICO BE
041 _aspa
082 _a526.9
_bR41
100 1 _aRengifo Barberi, José Ignacio
_9115
_eautor
245 1 0 _aEjercicios básicos de topografía /
_cJosé Ignacio Rengifo Barberi, Mario Moreno
250 _a1a ed.
260 _aBogotá:
_bUniversidad de los Andes:
_bEdiciones Uniandes,
_c2016
300 _a463 p.:
_bdiagramas, tablas ;
_c24 cm.
505 0 _aProblemas de errores -- Problemas de poligonales -- Problemas de nivelación -- Problemas de taquimetría -- Problemas de curvatura y refracción -- Problemas de volúmenes -- Problemas de curvas horizontales -- Problema de curvas verticales -- Problemas de fotogrametría vertical -- Problemas de posicionamiento global -- Problemas adicionales
520 3 _aPretende mostrar soluciones a los diferentes problemas relacionados con levantamientos topográficos para diversos proyectos de ingeniería civil y ambiental.
650 1 0 _aTopografía
_94
650 2 0 _aLevantamiento topográfico
_9116
650 2 0 _aFotogrametría
_9120
700 1 _9117
_aMoreno, Mario
_eautor
710 1 _9118
_aUniversidad de los Andes (Bogotá)
_bFacultad de Ingeniería.
_bDepartamento de Ingeniería Civil y Ambiental
942 _cLIB
_2ddc
999 _c514
_d514